Leadership / (Record no. 6731)

MARC details
000 -LEADER
fixed length control field 00668nam a22002297a 4500
003 - CONTROL NUMBER IDENTIFIER
control field GBCCL
005 - DATE AND TIME OF LATEST TRANSACTION
control field 20241126110610.0
008 - FIXED-LENGTH DATA ELEMENTS--GENERAL INFORMATION
fixed length control field 180514b ||||| |||| 00| 0 eng d
020 ## - INTERNATIONAL STANDARD BOOK NUMBER
International Standard Book Number 0854217150 (Scripture Union)
020 ## - INTERNATIONAL STANDARD BOOK NUMBER
International Standard Book Number 0802817726 (Wm. B. Eerdmans)
040 ## - CATALOGING SOURCE
Transcribing agency gbc
082 ## - DEWEY DECIMAL CLASSIFICATION NUMBER
Classification number 262.1
Item number KIR
100 ## - MAIN ENTRY--PERSONAL NAME
Personal name Kirby, G W
9 (RLIN) 11532
245 ## - TITLE STATEMENT
Title Leadership /
Statement of responsibility, etc. G W Kirby
260 ## - PUBLICATION, DISTRIBUTION, ETC.
Place of publication, distribution, etc. London:
Name of publisher, distributor, etc. Scripture Union,
Date of publication, distribution, etc. 1978
260 ## - PUBLICATION, DISTRIBUTION, ETC.
Place of publication, distribution, etc. Grand Rapids:
Name of publisher, distributor, etc. Wm. B. Eerdmans,
Date of publication, distribution, etc. 1978
300 ## - PHYSICAL DESCRIPTION
Extent 64 p.;
Dimensions 21 cm.
440 ## - SERIES STATEMENT/ADDED ENTRY--TITLE
Title Understanding Bible Teaching
9 (RLIN) 11527
650 ## - SUBJECT ADDED ENTRY--TOPICAL TERM
Topical term or geographic name entry element Jesus Christ
General subdivision Example
9 (RLIN) 11533
650 ## - SUBJECT ADDED ENTRY--TOPICAL TERM
Topical term or geographic name entry element Christian leadership
9 (RLIN) 1568
942 ## - ADDED ENTRY ELEMENTS (KOHA)
Source of classification or shelving scheme Dewey Decimal Classification
Koha item type Books
Koha issues (borrowed), all copies 2
Holdings
Withdrawn status Lost status Source of classification or shelving scheme Damaged status Not for loan Home library Current Library Shelving location Date acquired Total checkouts Full call number Barcode Date last seen Date last checked out Copy number Price effective from Koha item type
    Dewey Decimal Classification     GRACE BIBLE COLLEGE GRACE BIBLE COLLEGE Ministry & Mission 2018-06-04 2 262.1 KIR 001295 2025-05-01 2020-11-24 c.1 2018-06-04 Books
© Grace Bible College Library 2025